| 000 | 01245nam a22002657a 4500 | ||
|---|---|---|---|
| 005 | 20150513162211.0 | ||
| 008 | 140714b xxu||||| |||| 00| 0 hin d | ||
| 010 | _aBAC-CH25-H2 | ||
| 020 |
_a8188992038 _c300.00 |
||
| 035 | _aG-003551 | ||
| 035 | _aB-574029-063 | ||
| 037 | _bपैन्सी बुक्स | ||
| 040 |
_adpl _bhn |
||
| 082 | _aक | ||
| 100 |
_aमुकेश नादान _934511 |
||
| 245 |
_aरामायण की कथाएँ / _cमुकेश नादान |
||
| 246 |
_aRamayana kii kathaaen _bby Mukesh Nadan |
||
| 260 |
_aनई दिल्ली _bलक्ष्य बुक्स _c2013 |
||
| 270 |
_a315, हरिनगर आश्रम, मथुरा रोड _bनई दिल्ली _e110014 |
||
| 300 |
_a160पृ. _c22 सेमी. (सजिल्द) |
||
| 650 |
_aलघु कथाएँ, हिन्दी _91169 |
||
| 650 |
_aShort stories, Hindi _934512 |
||
| 942 |
_2ddc _cCH _mमुकेश _hक |
||
| 999 |
_c86886 _d86886 |
||